| 000 | 00571nam a22001457a 4500 | ||
|---|---|---|---|
| 020 | _a978-81-8477-968-4 | ||
| 082 |
_a823 _bKOS/S |
||
| 100 | _aKOSHY, MRIDULA | ||
| 245 | _aSALEEM ON EARTH | ||
| 260 |
_aGURGAON _bSCHOLASTIC INDIA _c2012 |
||
| 300 | _a124 | ||
| 520 | _aThe eight stories in this anthology revolve around the diverse festivals of India. Set in various parts of India, these stories are sometimes touching and beautiful, sometimes hilarious and amusing, but always wonderfully evocative of the spirit of each festiva | ||
| 650 |
_aNOVEL _zINDIA |
||
| 942 | _cBK | ||
| 999 |
_c3406 _d3406 |
||